000 00805nam a22002652 4500
001 8786
003 BD-RjUL
005 20211208234642.0
008 190114r19281961enka 000 0 eng
035 _aOCLC ocm02990226 from D971017M
_a(BD-RjUL)8831
040 _aDLC
_cVA@
_dVA@
_dEQO
_dBD-RjUL
_beng
041 _aeng
082 _223
_bROH 1960
_a530.1
100 1 _aRoberts, John Keith,
_d1897-1944
_927321
245 1 0 _aHeat and thermodynamics /
_cby J. K. Roberts.
250 _a5th ed.
260 _aLondon and ;
_aGlasgow :
_bBlackie,
_cc1960.
300 _axvi, 454 p. :
_bill ;
_c22 cm.
500 _aThe folded plate is mounted on end-paper, at end of book.
504 _aIncludes index.
650 0 _aHeat.
_927322
650 0 _aThermodynamics.
_927323
942 _2ddc
_cBK
999 _c8786
_d8786